Detalles MARC
| 000 -CABECERA |
| campo de control de longitud fija |
02171nam a2200253 i 4500 |
| 003 - IDENTIFICADOR DEL NÚMERO DE CONTROL |
| campo de control |
DO-SdBNP |
| 005 - FECHA Y HORA DE LA ÚLTIMA TRANSACCIÓN |
| campo de control |
20251010134747.0 |
| 007 - CAMPO FIJO DE DESCRIPCIÓN FÍSICA--INFORMACIÓN GENERAL |
| campo de control de longitud fija |
ta |
| 008 - DATOS DE LONGITUD FIJA--INFORMACIÓN GENERAL |
| campo de control de longitud fija |
251010b2000 dr a|||| |||| 00| 0 spa d |
| 040 ## - FUENTE DE LA CATALOGACIÓN |
| Centro catalogador/agencia de origen |
DO-SdBNP |
| Lengua de catalogación |
spa |
| Centro/agencia transcriptor |
BNPHU |
| Normas de descripción |
rda |
| 041 ## - CÓDIGO DE LENGUA |
| Código de lengua del texto/banda sonora o título independiente |
spa |
| 082 #4 - NÚMERO DE LA CLASIFICACIÓN DECIMAL DEWEY |
| Número de clasificación |
xxx |
| Número de documento/Ítem |
P273pr |
| Número de edición |
22 |
| 110 1# - ENTRADA PRINCIPAL--NOMBRE DE ENTIDAD CORPORATIVA |
| Nombre de entidad corporativa o nombre de jurisdicción como elemento de entrada |
Partido Revolucionario Dominicano. |
| Unidad subordinada |
Departamento Nacional de Asuntos Técnicos |
| 9 (RLIN) |
88685 |
| 245 10 - MENCIÓN DE TÍTULO |
| Título |
Propuestas básicas del programa de gobierno 2000-2004, para la consulta a la sociedad civil / |
| Mención de responsabilidad, etc. |
presentación, Hipólito Mejía |
| 264 ## - PRODUCCIÓN, PUBLICACIÓN, DISTRIBUCIÓN, FABRICACIÓN Y COPYRIGHT |
| Producción, publicación, distribución, fabricación y copyright |
Santo Domingo : |
| Nombre del de productor, editor, distribuidor, fabricante |
Partido Revolucionario Dominicano. Departamento Nacional de Asuntos Técnicos, |
| Fecha de producción, publicación, distribución, fabricación o copyright |
2000. |
| 300 ## - DESCRIPCIÓN FÍSICA |
| Extensión |
175 páginas ; |
| Dimensiones |
21 cm. |
| 336 ## - TIPO DE CONTENIDO |
| Término de tipo de contenido |
texto |
| Código de tipo de contenido |
txt |
| Fuente |
rdacontent |
| 337 ## - TIPO DE MEDIO |
| Nombre/término del tipo de medio |
sin mediación |
| Código del tipo de medio |
n |
| Fuente |
rdamedia |
| 338 ## - TIPO DE SOPORTE |
| Nombre/término del tipo de soporte |
volumen |
| Código del tipo de soporte |
nc |
| Fuente |
rdacarrier |
| 505 ## - NOTA DE CONTENIDO CON FORMATO |
| Nota de contenido con formato |
Presentación, 6-- A modo de presentación del gobierno compartido, 10-- Gobierno compartido : democracia política, económica y social 11 -- Política de modernización del Estado 15 -- Estrategia y planificación de políticas económicas 31|Política de relaciones exteriores 47|Política de Fuerzas Armadas y Policía Nacional 52|Política educativa 57|Política cultural 67|Política científica y tecnológica 72|Política de salud 75|Política de seguridad social 81|Política de agua potable, alcantarillado y saneamiento básico 84|Política de desarrollo urbano 87|Política de vivienda 89|Política nacional de catastro 94|Política de deporte, educación física y recreación 96|Política de la mujer 104|Política de la juventud 108|Política de la niñez 114|Política sindical y relaciones laborales 116|Política de construcción de obras públicas 118|Política de transporte 121|Política de energía 124|Política agropecuaria y desarrollo rural 126|Política de medio ambiente y recursos naturales 144|Política industrial 153|Política de turismo 161|Política de minería 165|Política de dominicanos residentes en el exterior 168|Política de desarrollo cooperativo 171|Plan maestro de desarrollo informatico 173|Política de servicio postal 175 |
| 590 ## - NOTA LOCAL (RLIN) |
| Nota local |
Inventariado, 2025 /LP |
| 910 ## - DATOS DE OPCIÓN DEL USUARIO (OCLC) |
| Datos de opción del usuario |
LP |
| 942 ## - ELEMENTOS DE PUNTO DE ACCESO ADICIONAL (KOHA) |
| Fuente del sistema de clasificación o colocación |
Dewey Decimal Classification |
| Tipo de ítem Koha |
Libro |